000 01206cam a2200361 4500
999 _c23577
_d23577
001 vtls011995833
005 20240710074214.0
008 201005s2020 xo er 000 f slo
020 _a9788055174204
_q(viazané)
040 _aGAGK
_bslo
_cGAGK
_dSNK
_erda
041 1 _aslo
_hswe
044 _axo
_cSK
072 7 _a821.11
_xGermánske literatúry
_2konspekt
080 _a821.113.6-31
_22011
080 _a(0:82-312.4)
_22011
100 1 _aAhnhem, Stefan,
_d1966-
_4aut
_92138
240 1 0 _aX sätt att dö
_lSlovensky
245 1 0 _aX spôsobov, ako zomrieť
_cStefan Ahnhem ; preložila Jana Melichárková
264 1 _aBratislava
_bIkar
_c2020
300 _a398 strán
_c24 cm
336 _atext
_btxt
_2rdacontent
337 _abez média
_bn
_2rdamedia
338 _azväzok
_bnc
_2rdacarrier
500 _aPreložené zo švédčiny
500 _aObsahuje biografické údaje o autorovi na záložke prebalu publikácie
655 7 _ašvédske romány
_2SNKPH
_91715
655 7 _adetektívne romány
_2SNKPH
_91710
655 7 _aSwedish fiction
_2SNKPHeng
_91716
655 7 _aDetective novels
_2SNKPHeng
_91711
958 _aLX
958 _aUP